| 000 | 00620cam a22002051 4500 | ||
|---|---|---|---|
| 001 | e 28000004 | ||
| 003 | DLC | ||
| 005 | 20260227111218.0 | ||
| 008 | 761007s1925 scu 000 0 eng | ||
| 010 | _ae 28000004 | ||
| 035 | _a(OCoLC)2486891 | ||
| 040 |
_aDLC _cScU _dScU _dOCoLC _dDLC |
||
| 042 | _apremarc | ||
| 050 | 0 | 0 |
_aLA361 _b.T45 |
| 100 | 1 |
_aThomason, John Furman, _d1878- |
|
| 245 | 1 | 4 |
_aThe foundations of the public schools of South Carolina, _cby John Furman Thomson. |
| 260 |
_aColumbia, S.C. , _bThe State Company, _c1925. |
||
| 300 |
_a237, [1] p. _c21 cm. |
||
| 650 | 0 |
_aPublic schools _zSouth Carolina. |
|
| 999 |
_c20896 _d20896 |
||